000 00998nam a2200229Ia 4500
999 _c36204
_d36204
001 2107
003 GE_BSU
005 20190514154834.0
008 181216s1967||||ge |||||||||||||| ||geo||
040 _cGE_BSU
041 _ageo
080 _a556(075.8) უ–38
100 _aუკლება, ნ.
_91119
245 _aზოგადი ჰიდროლოგია :
_bსახელმძღვანელო სტუდენტებისათვის /
_cნოე უკლება; რედ. მ. საბაშვილი
264 _aთბილისი :
_bთბილ. უნ-ტის გამ-ბა,
_c1967.
300 _a402 გვ.
_b26 სმ.
504 _aბიბლიოგრ. : გვ. 396-398.
546 _aბიბლიოგრ. ქართულ და რუსულ ენებზე.
653 _aჰიდროლოგია
700 _aსაბაშვილი, მ.
_eრედაქტორი
_91120
942 _cBK
_2udc